Reykiavik: el tratado de la DAM u la IDE

שמור ב:
מידע ביבליוגרפי
מחבר ראשי: Chernishov, Vladímir
פורמט: Texto
יצא לאור: Moscú: Agencia de Prensa Nóvosti
תגים: הוספת תג
אין תגיות, היה/י הראשונ/ה לתייג את הרשומה!

MARC

LEADER 00000 a a2200000 04500
001 24366
003
040
090 |a 172700  
100 |a Chernishov, Vladímir  
245 |a Reykiavik: el tratado de la DAM u la IDE  
260 |a Moscú:   |b Agencia de Prensa Nóvosti  
300 |a 61 p.  
999 |c 15634  |d 15634